Ciudadano y otros poemas

Αποθηκεύτηκε σε:
Λεπτομέρειες βιβλιογραφικής εγγραφής
Κύριος συγγραφέας: Rubio Huidobro, Armando (Συγγραφέας)
Μορφή: Βιβλίο
Γλώσσα:Ισπανικά
Έκδοση: Santiago Tajamar 2009
Έκδοση:1a. ed
Σειρά:Colección Edición Limitada
Θέματα:
Ετικέτες: Προσθήκη ετικέτας
Δεν υπάρχουν, Καταχωρήστε ετικέτα πρώτοι!

MARC

LEADER 00000cam a2200000 a 4500
001 UCG8133
003 CL-VaPUC
008 111124e20090000CL |||||||||||||||||spa|d
020 |a 9789568245559 
082 0 4 |a Ch861  |b RUB  |2 21 
100 0 |a Rubio Huidobro, Armando  |e author  |9 559016 
245 1 0 |a Ciudadano y otros poemas 
250 |a 1a. ed 
300 |a 91 p 
942 |c BK 
945 |d 20111124 00:00:00  |a cmena 
260 |a Santiago  |b Tajamar  |c 2009 
650 0 |a Poesías chilenas   |9 265280 
650 0 |a Literatura chilena   |9 308278 
583 |a last modification  |c 20111124 10:34:00  |k Rodrigo Vera 
490 0 |a Colección Edición Limitada 
999 |c 345769  |d 345767 
952 |0 0  |1 0  |4 0  |6 CH_861_000000000000000_RUB_2009  |7 0  |8 A  |9 446012  |a FDOPOS  |b FDOPOS  |d 2019-11-22  |i 4807898  |o Ch861 RUB 2009  |p 4807898  |r 2023-08-09  |w 2019-11-22  |y BK  |k DLH